সীরাতুন্ নবী : (Record no. 44065)
[ view plain ]
| 000 -LEADER | |
|---|---|
| fixed length control field | 02850nam a22003497a 4500 |
| 001 - CONTROL NUMBER | |
| control field | 44065 |
| 003 - CONTROL NUMBER IDENTIFIER | |
| rucl marc code | BD-RjUL |
| 005 - DATE AND TIME OF LATEST TRANSACTION | |
| control field | 20211209053808.0 |
| 008 - FIXED-LENGTH DATA ELEMENTS--GENERAL INFORMATION | |
| fixed length control field | 160713m19751974bg ||||| |||| 00| 0 ben d |
| 020 ## - INTERNATIONAL STANDARD BOOK NUMBER | |
| Terms of availability | : Tk.33.00 (V-1) |
| Terms of availability | : Tk.28.00 (V-2) |
| 035 ## - SYSTEM CONTROL NUMBER | |
| System control number | (BD-RjUL)44183 |
| 040 ## - CATALOGING SOURCE | |
| Original cataloging agency | BD-RjUL |
| Language of cataloging | ben |
| Transcribing agency | BD-RjUL |
| 041 ## - LANGUAGE CODE | |
| Language code of text/sound track or separate title | ben |
| 082 ## - DEWEY DECIMAL CLASSIFICATION NUMBER | |
| Edition number | 23 |
| Classification number | 297.63 |
| Author mark and year | NOS V-1-2 1974-1975 |
| 100 1# - MAIN ENTRY--PERSONAL NAME | |
| Personal name | নো'মানী, আল্লামা শিবলী |
| 9 (RLIN) | 135328 |
| 245 10 - TITLE STATEMENT | |
| Title | সীরাতুন্ নবী : |
| Remainder of title | [ছাল্লাল্লাহু আলাইহে ওয়া ছাল্লাম] / |
| Statement of responsibility, etc. | আল্লামা শিবলী নোমানী ; অনুবাদকমণ্ডলী: খালেদ ছাইফুল্লাহ ছিদ্দিকী ... [ এবং অন্যান্য ] ; সম্পাদনা: মুহিউদ্দীন খান [১ম খণ্ড] ; আল্লামা শিবলী নোমানী (রহঃ) ও সৈয়দ সোলায়মান নদভী (রহঃ) ; প্রধান অনুবাদক: মুহিউদ্দীন খান ; সহযোগী মণ্ডলী: আবদুল আযীয, মোহাম্মদ মোরশেদ আলম ও সৈয়দ শিবলী ফোরক্কানী [২য় খণ্ড] |
| 260 ## - PUBLICATION, DISTRIBUTION, ETC. (IMPRINT) | |
| Place of publication, distribution, etc. | ঢাকা : |
| Name of publisher, distributor, etc. | প্যারাডাইজ লাইব্রেরী, |
| Date of publication, distribution, etc. | ১৯৭৫ |
| 300 ## - PHYSICAL DESCRIPTION | |
| Pagination | খণ্ড ; |
| Size | ২৫ সেমি. |
| 505 0# - FORMATTED CONTENTS NOTE | |
| Formatted contents note | খণ্ড ১ -- খণ্ড ২ -- |
| 600 ## - SUBJECT ADDED ENTRY--PERSONAL NAME | |
| Personal name | হযরত মুহাম্মাদ (সঃ), |
| Dates associated with a name | ৫৭০-৬৩২ |
| General subdivision | জীবনী |
| Personal name | Hazrat Muhammad (SM) |
| General subdivision | Biography |
| Personal name | Muhammad (sm:), Hazarat, |
| Dates associated with a name | 570-632 |
| 700 ## - ADDED ENTRY--PERSONAL NAME | |
| Personal name | নদভী, সৈয়দ সোলায়মান, যুগ্ম লেখক, [২য় খণ্ড] |
| Personal name | খান, মুহিউদ্দীন, প্রধান অনুবাদক, [২য় খণ্ড] |
| Personal name | আযীয, আবদুল, যুগ্ম অনুবাদক, [২য় খণ্ড] |
| Personal name | আলম, মোহাম্মদ মোরশেদ, যুগ্ম অনুবাদক, [২য় খণ্ড] |
| Personal name | ফোরক্কানী, সৈয়দ,শিবলী, যুগ্ম অনুবাদক, [২য় খণ্ড] |
| Personal name | ছিদ্দিকী, খালেদ ছাইফুল্লাহ ... [ এবং অন্যান্য ], অনুবাদকমণ্ডলী, [১ম খণ্ড] |
| Personal name | খান, মুহিউদ্দীন, সম্পাদক [১ম খণ্ড] |
| 942 ## - ADDED ENTRY ELEMENTS (KOHA) | |
| Source of classification or shelving scheme | Dewey Decimal Classification |
| Koha item type | Books |
| Lost status | Source of classification or shelving scheme | Damaged status | Not for loan | Collection code | Permanent Location | Current Location | Shelving location | Date acquired | Source of acquisition | Cost, normal purchase price | Total Checkouts | Full call number | Date last seen | Copy number | Koha item type |
|---|---|---|---|---|---|---|---|---|---|---|---|---|---|---|---|
| Dewey Decimal Classification | Not For Loan | Non-fiction | Central Library, University of Rajshahi | Central Library, University of Rajshahi | Reading Room | 23/02/1976 | Mawla Brothers, Dhaka | 28.00 | B 297.63 NOS V-2 1975 | 13/07/2016 | C-2 | Books | |||
| Dewey Decimal Classification | Non-fiction | Central Library, University of Rajshahi | Central Library, University of Rajshahi | 23/02/1976 | Mawla Bradars; Dhaka | 28.00 | B 297.63 NOS V-1 1974 | 06/08/2016 | C-2 | Books | |||||
| Dewey Decimal Classification | Not For Loan | Non-fiction | Central Library, University of Rajshahi | Central Library, University of Rajshahi | Reading Room | 23/02/1976 | Mowla Brothers, Dacca | 28.00 | B 297.63 NOS V-2 1975 | 26/12/2019 | C-1 | Books | |||
| Dewey Decimal Classification | Not For Loan | Non-fiction | Central Library, University of Rajshahi | Central Library, University of Rajshahi | Reading Room | 18/03/1975 | Mohiuddin and Sons, Rajshahi | 33.00 | B 297.63 NOS V-1 1974 | 28/12/2019 | C-1 | Books |